000 00731nam a2200253Ia 4500
003 OSt
005 20221005034000.0
006 a|||||r|||| 00| 0
007 ta
008 221004b |||||||| |||| 00| 0 urd d
020 _a9789350732625 (hbk)
024 _a13382
037 _bGift, 15/09/2014,
_cTextual
040 _aCRL
_cCRL
_burd
041 _2urd
_aurd
082 _aO168,1N48x, Q4.1-.3
100 _aBulkhari Naqshband Qamar Naqvi
_9586542
245 0 _aHammasa
260 _aDelhi
_bEducation India
_c2014
300 _a401p.
_ccm.
650 _aURDU POETRY
942 _hO168,1N48x, Q4.1-.3
_cTEXL
_2cc
999 _c942452
_d942452